000 00457nam a2200181Ia 4500
005 20240913125201.0
008 240913s9999||||xx |||||||||||||| ||und||
041 _aENGLISH
082 _A006.3 P0
100 _aKonar,Amit
245 0 _aArtificial Intelligence and Soft Computing
250 _a1st
260 _c2000
_bCRC,London
500 _aREFERENCE
650 _aArtificial Intelligence
_bInformation Technology
942 _cREF
999 _c244993
_d244993